| 000 | 00933nam a2200277 i 4500 | ||
|---|---|---|---|
| 001 | 6322 | ||
| 003 | ES-MaACL | ||
| 005 | 20230906144859.0 | ||
| 007 | t| | ||
| 008 | 890922s1973 xxu ||||1| eng d | ||
| 020 | _a0-688-05147-2 | ||
| 080 | _a355.425(8.03)"19" | ||
| 080 | _a327(100)"19" | ||
| 100 | 1 |
_aGuillén, Abraham. _960757 |
|
| 245 | 1 | 0 |
_aPhilosophy of the urban guerrilla _b: the revolutionary writings of Abraham Guillen / _ctranslated and edited with an introduction by Donald C. Hodges. |
| 260 |
_aNew York : _bWilliam Morrow, _c1973. |
||
| 300 |
_aXI, 305 p. ; _c21 cm. |
||
| 490 | 1 | _aMorrow paperback editions | |
| 500 | _aBibliografia. | ||
| 650 | 4 |
_aGuerra de guerrillas. _913184 |
|
| 650 |
_aPolítica mundial- _y1955-1965. _9166115 |
||
| 700 | 1 |
_aHodges, Donald C. _963893 |
|
| 830 | 0 |
_aMorrow paperback editions _9227786 |
|
| 852 |
_aES-MaACL _jL-13442 _bR.117083 _z. - rust. |
||
| 999 |
_c6322 _d6322 |
||